| 000 | 00447cam a2200169ua 4500 | ||
|---|---|---|---|
| 020 | _a0-85334-979-7 | ||
| 041 |
_aeng _h |
||
| 082 |
_a664.028 _bTHO/DE |
||
| 100 | _aThorne, Stuart . | ||
| 245 | 0 | 0 |
_aDevelopments in food preservation, Vol 1 / _cStuart Thorne. _hTextual Documents |
| 250 |
_a1 / _b. |
||
| 260 |
_aLondon : _bApplied Science Publishers Ltd , _c1981. |
||
| 300 | _a272 ; . | ||
| 504 | _a | ||
| 942 | _cBK | ||
| 999 |
_c10791 _d10791 |
||